[Event "CZECH OPEN 2011 "]
[Site "Pardubice (CZE)"]
[Date "2011.07.26"]
[Round "5.92"]
[White "Heidrich, Manfred"]
[Black "Freeman, Gordon"]
[Result "1-0"]
[WhiteElo "2312"]
[BlackElo "2179"]
[PlyCount "69"]
[EventDate "2011.07.22"]

1. e4 d6 2. f4 Nf6 3. Nc3 g6 4. Nf3 Bg7 5. g3 O-O 6. Bg2 Nc6 7. O-O e5 8. d3
Bg4 9. h3 Bxf3 10. Bxf3 Nd4 11. Be3 Nxf3+ 12. Qxf3 exf4 13. gxf4 c6 14. f5 Qd7
15. Rae1 Rae8 16. Bg5 h6 17. Bh4 g5 18. Bg3 Qd8 19. Kh1 c5 20. Nd1 Qb6 21. b3
Qc6 22. Ne3 b5 23. h4 gxh4 24. Bxh4 Kh7 25. Rg1 Nxe4 26. Ng2 Bd4 27. dxe4 Bxg1
28. Kxg1 Rg8 29. Kh1 d5 30. e5 Qc7 31. Bf6 Qa5 32. Qh5 Ref8 33. Re3 Rxg2 34.
Qxh6+ Kxh6 35. Rh3# 1-0

[Event "CZECH OPEN 2011 "]
[Site "Pardubice (CZE)"]
[Date "2011.07.26"]
[Round "5.93"]
[White "Bartos, Jan"]
[Black "Simek, Petr"]
[Result "1/2-1/2"]
[WhiteElo "2215"]
[BlackElo "2307"]
[PlyCount "79"]
[EventDate "2011.07.22"]

1. d4 Nf6 2. Nf3 d5 3. c4 e6 4. Nc3 Nbd7 5. Bf4 dxc4 6. e3 Nd5 7. Bxc4 Nxf4 8.
exf4 Nb6 9. Bb3 Bd6 10. Ne5 O-O 11. O-O Bd7 12. g3 Bxe5 13. dxe5 Bc6 14. Qe2
Qe7 15. a3 Rad8 16. Rad1 Rxd1 17. Rxd1 Rd8 18. Bc2 Rxd1+ 19. Qxd1 Qd7 20. Qxd7
Nxd7 21. Be4 Bxe4 22. Nxe4 Kf8 23. Kf1 Ke7 24. Ke2 f5 25. exf6+ gxf6 26. Kd3 a6
27. h3 f5 28. Nd2 b5 29. b4 c5 30. bxc5 Nxc5+ 31. Kd4 Kd6 32. g4 Nd7 33. Nf1
fxg4 34. hxg4 e5+ 35. fxe5+ Nxe5 36. Ne3 Nf3+ 37. Ke4 Nd2+ 38. Kd3 Nf3 39. Ke4
Nd2+ 40. Kd3 1/2-1/2

[Event "CZECH OPEN 2011 "]
[Site "Pardubice (CZE)"]
[Date "2011.07.26"]
[Round "5.94"]
[White "Slacky, Stanislav"]
[Black "Bibik, Jura"]
[Result "1/2-1/2"]
[WhiteElo "2205"]
[BlackElo "2303"]
[PlyCount "29"]
[EventDate "2011.07.22"]

1. d4 d5 2. c4 c6 3. Nf3 Nf6 4. g3 Bf5 5. Bg2 e6 6. O-O h6 7. Nc3 Nbd7 8. Bf4
Be7 9. Nd2 O-O 10. e4 dxe4 11. Ndxe4 Nxe4 12. Bxe4 Bxe4 13. Nxe4 Nf6 14. Nxf6+
Bxf6 15. Be5 1/2-1/2

[Event "CZECH OPEN 2011 "]
[Site "Pardubice (CZE)"]
[Date "2011.07.26"]
[Round "5.65"]
[White "Overbeck, Thorsten"]
[Black "Zvara, Petr"]
[Result "1/2-1/2"]
[WhiteElo "2285"]
[BlackElo "2409"]
[PlyCount "54"]
[EventDate "2011.07.22"]

1. d4 Nf6 2. c4 g6 3. Nc3 Bg7 4. e4 d6 5. Nf3 O-O 6. Be2 e5 7. O-O Nc6 8. d5
Ne7 9. Ne1 Nd7 10. Be3 f5 11. f3 f4 12. Bf2 g5 13. Rc1 Ng6 14. c5 Nxc5 15. b4
Na6 16. Nd3 Rf7 17. Nb5 b6 18. Be1 Bf6 19. Nf2 Qe8 20. Ng4 Kg7 21. Nxf6 Kxf6
22. Rc3 Qd8 23. Qa4 Nb8 24. Qc2 Na6 25. Qa4 Nb8 26. Qc2 Na6 27. Qa4 Nb8 1/2-1/2

[Event "CZECH OPEN 2011 "]
[Site "Pardubice (CZE)"]
[Date "2011.07.26"]
[Round "5.1"]
[White "Shanava, Konstantine"]
[Black "Panchanathan, Magesh Chandran"]
[Result "1/2-1/2"]
[WhiteElo "2535"]
[BlackElo "2556"]
[PlyCount "31"]
[EventDate "2011.07.22"]

1. e4 e5 2. Nf3 Nc6 3. Bc4 Nf6 4. d3 Be7 5. O-O O-O 6. h3 d6 7. a4 a5 8. Nc3
Be6 9. Re1 Qc8 10. Bxe6 fxe6 11. d4 exd4 12. Nxd4 Nxd4 13. Qxd4 Nd7 14. f4 d5
15. Kh1 Bc5 16. Qd3 1/2-1/2

[Event "CZECH OPEN 2011 "]
[Site "Pardubice (CZE)"]
[Date "2011.07.26"]
[Round "5.2"]
[White "Kalod, Radek"]
[Black "Zakhartsov, Viacheslav V"]
[Result "1/2-1/2"]
[WhiteElo "2500"]
[BlackElo "2578"]
[PlyCount "74"]
[EventDate "2011.07.22"]

1. e4 c5 2. Nf3 d6 3. d4 cxd4 4. Nxd4 Nf6 5. Nc3 a6 6. Be3 e5 7. Nf3 Be7 8. Bc4
O-O 9. O-O Nc6 10. Re1 b5 11. Bf1 Ng4 12. Bc1 Qb6 13. Re2 Be6 14. h3 Nf6 15.
Re1 Rfd8 16. Be3 Qb7 17. Ng5 h6 18. Nxe6 fxe6 19. a4 b4 20. Nb1 Na5 21. Nd2 d5
22. exd5 exd5 23. Qf3 Kh8 24. c3 Rac8 25. Qf5 e4 26. Rac1 Nc6 27. f3 exf3 28.
Nxf3 Ne4 29. Bd3 Bf6 30. c4 Ne7 31. Qh5 Ng3 32. Qg4 dxc4 33. Bb1 Qc7 34. Bf4
Qc5+ 35. Be3 Qc7 36. Bf4 Qc5+ 37. Be3 Qc7 1/2-1/2

[Event "CZECH OPEN 2011 "]
[Site "Pardubice (CZE)"]
[Date "2011.07.26"]
[Round "5.3"]
[White "Jovanovic, Zoran"]
[Black "Baryshpolets, Andrey"]
[Result "1/2-1/2"]
[WhiteElo "2577"]
[BlackElo "2474"]
[PlyCount "32"]
[EventDate "2011.07.22"]

1. e4 e5 2. Nf3 Nc6 3. Bc4 Nf6 4. d3 h6 5. O-O d6 6. c3 g6 7. Re1 Bg7 8. Nbd2
O-O 9. Nf1 Na5 10. Bb5 a6 11. Ba4 b5 12. Bc2 c5 13. Ng3 Nc6 14. Bb3 Na5 15. Bc2
Nc6 16. Bb3 Na5 1/2-1/2

[Event "CZECH OPEN 2011 "]
[Site "Pardubice (CZE)"]
[Date "2011.07.26"]
[Round "5.4"]
[White "Teske, Henrik"]
[Black "Chernyshov, Konstantin"]
[Result "1/2-1/2"]
[WhiteElo "2529"]
[BlackElo "2552"]
[PlyCount "35"]
[EventDate "2011.07.22"]

1. d4 e6 2. Nf3 f5 3. Bf4 Nf6 4. e3 b6 5. Nbd2 Be7 6. h3 Bb7 7. g4 O-O 8. gxf5
exf5 9. Bd3 Nd5 10. Bh2 Nb4 11. Bc4+ d5 12. Bb3 c5 13. a3 N4c6 14. c4 Na5 15.
Ba2 Kh8 16. cxd5 Bxd5 17. dxc5 bxc5 18. Nb1 1/2-1/2

[Event "CZECH OPEN 2011 "]
[Site "Pardubice (CZE)"]
[Date "2011.07.26"]
[Round "5.5"]
[White "Stefansson, Hannes"]
[Black "Rozum, Ivan"]
[Result "1-0"]
[WhiteElo "2546"]
[BlackElo "2464"]
[PlyCount "91"]
[EventDate "2011.07.22"]

1. c4 Nf6 2. Nf3 g6 3. g3 Bg7 4. Bg2 O-O 5. d4 d6 6. O-O Nc6 7. Nc3 a6 8. Qd3
Bd7 9. d5 Nb4 10. Qd1 a5 11. Be3 c6 12. Qd2 cxd5 13. cxd5 Rc8 14. Bd4 Bg4 15.
Rfc1 Bxf3 16. Bxf3 Nd7 17. Bxg7 Kxg7 18. Qd4+ Kg8 19. Bg4 Rc7 20. Bh3 Ne5 21.
Nb5 Nc2 22. Qd2 Rc5 23. Rxc2 Rxb5 24. Rac1 Qb6 25. b3 a4 26. bxa4 Rb4 27. a5
Qb5 28. Rc7 Rb2 29. R1c2 Rxc2 30. Rxc2 Nc4 31. Qd3 Qb1+ 32. Kg2 Nxa5 33. Bd7
Qb6 34. h4 h5 35. Qe4 Qb1 36. Qd3 Qb6 37. Bb5 Ra8 38. Rc3 Qd8 39. Qe4 Kf8 40.
Qd4 Kg8 41. g4 Rc8 42. Rg3 hxg4 43. Qxg4 Qf8 44. h5 g5 45. Qxg5+ Kh8 46. Bd3
1-0

[Event "CZECH OPEN 2011 "]
[Site "Pardubice (CZE)"]
[Date "2011.07.26"]
[Round "5.6"]
[White "Dzhakaev, Dzhakay"]
[Black "Danin, Alexandre"]
[Result "1/2-1/2"]
[WhiteElo "2478"]
[BlackElo "2538"]
[PlyCount "81"]
[EventDate "2011.07.22"]

1. d4 Nf6 2. c4 g6 3. Nc3 d5 4. Bf4 Bg7 5. e3 c5 6. dxc5 Qa5 7. Rc1 dxc4 8.
Bxc4 O-O 9. Nf3 Qxc5 10. Bb3 Nc6 11. O-O Qa5 12. h3 Bf5 13. Qe2 Ne4 14. Nd5 e5
15. Bh2 Be6 16. Rfd1 Rfd8 17. Qc4 Nf6 18. e4 Rac8 19. Ng5 Nd4 20. Ne7+ Kf8 21.
Nxe6+ Kxe7 22. Nc5 Nxb3 23. Nxb3 Rxc4 24. Nxa5 Rxc1 25. Rxc1 Nxe4 26. Nxb7 Rd7
27. Na5 f6 28. f3 Bh6 29. Re1 Nc5 30. Nc4 Nd3 31. Re4 Ke6 32. b3 Nc1 33. Re1
Nd3 34. Re2 Nb4 35. Bg3 Rd1+ 36. Kh2 Nd3 37. Nb2 Nxb2 38. Rxb2 Be3 39. Bf2 Bd4
40. Rc2 Bxf2 41. Rxf2 1/2-1/2

[Event "CZECH OPEN 2011 "]
[Site "Pardubice (CZE)"]
[Date "2011.07.26"]
[Round "5.7"]
[White "Rasik, Vitezslav"]
[Black "Friedel, Joshua E"]
[Result "1/2-1/2"]
[WhiteElo "2475"]
[BlackElo "2531"]
[PlyCount "31"]
[EventDate "2011.07.22"]

1. e4 e5 2. Nf3 Nc6 3. Bb5 a6 4. Ba4 Nf6 5. O-O Be7 6. Re1 d6 7. c3 Bg4 8. d3
Nd7 9. Be3 h6 10. Nbd2 Bg5 11. Bxc6 bxc6 12. d4 Bxe3 13. Rxe3 c5 14. Qa4 exd4
15. cxd4 O-O 16. h3 1/2-1/2

[Event "CZECH OPEN 2011 "]
[Site "Pardubice (CZE)"]
[Date "2011.07.26"]
[Round "5.8"]
[White "Kononenko, Dmitry"]
[Black "Velicka, Petr"]
[Result "1-0"]
[WhiteElo "2593"]
[BlackElo "2461"]
[PlyCount "91"]
[EventDate "2011.07.22"]

1. e4 e5 2. Nf3 Nc6 3. Bb5 Nf6 4. O-O Nxe4 5. d4 Nd6 6. Bxc6 dxc6 7. dxe5 Nf5
8. Qxd8+ Kxd8 9. Nc3 Bd7 10. h3 h6 11. b3 Kc8 12. Bb2 Be7 13. Rad1 a5 14. a4 b6
15. Rd3 Re8 16. Rfd1 Be6 17. Ne2 c5 18. c4 Kb7 19. Nf4 Rad8 20. Nxe6 fxe6 21.
g4 Nh4 22. Nxh4 Bxh4 23. Bc1 Kc8 24. Kg2 Rf8 25. Be3 Rxd3 26. Rxd3 Rd8 27.
Rxd8+ Kxd8 28. g5 hxg5 29. Kf3 Ke8 30. Kg4 g6 31. f3 Be1 32. Bxg5 c6 33. Bf6
Bd2 34. f4 b5 35. cxb5 cxb5 36. axb5 c4 37. bxc4 a4 38. b6 Kd7 39. Be7 Be3 40.
b7 Kc7 41. Kg5 Kxb7 42. Kxg6 Kc6 43. f5 exf5 44. e6 Bf2 45. Ba3 Bh4 46. Kxf5
1-0

[Event "CZECH OPEN 2011 "]
[Site "Pardubice (CZE)"]
[Date "2011.07.26"]
[Round "5.9"]
[White "Gundavaa, Bayarsaikhan"]
[Black "Stocek, Jiri"]
[Result "1/2-1/2"]
[WhiteElo "2480"]
[BlackElo "2596"]
[PlyCount "66"]
[EventDate "2011.07.22"]

1. e4 c5 2. Nf3 d6 3. d4 cxd4 4. Qxd4 Nc6 5. Bb5 Bd7 6. Bxc6 Bxc6 7. Nc3 h6 8.
Qd3 e5 9. Nd5 Nf6 10. c4 Nxd5 11. cxd5 Qa5+ 12. Bd2 Bb5 13. Qe3 Qa6 14. a4 Be7
15. Bb4 Rc8 16. Kd2 Be2 17. h4 Rc4 18. Bc3 Bxf3 19. gxf3 Rxa4 20. Rxa4 Qxa4 21.
f4 Bf6 22. fxe5 dxe5 23. Rg1 Qa6 24. f4 exf4 25. Qxf4 Bxc3+ 26. bxc3 O-O 27.
Qe5 g6 28. h5 Qb6 29. Rg3 Qf2+ 30. Kd1 g5 31. d6 Qf1+ 32. Kd2 Qf2+ 33. Kd1 Qf1+
1/2-1/2

[Event "CZECH OPEN 2011 "]
[Site "Pardubice (CZE)"]
[Date "2011.07.26"]
[Round "5.11"]
[White "Vorobiov, Evgeny E"]
[Black "Maximov, Dmitry"]
[Result "1/2-1/2"]
[WhiteElo "2574"]
[BlackElo "2479"]
[PlyCount "33"]
[EventDate "2011.07.22"]

1. e4 c5 2. Nf3 d6 3. d4 cxd4 4. Nxd4 Nf6 5. Nc3 Nc6 6. Bg5 e6 7. Qd2 a6 8.
O-O-O Bd7 9. Nxc6 Bxc6 10. Qe1 Qa5 11. f4 Be7 12. Bh4 Qc7 13. Bd3 b5 14. e5
dxe5 15. fxe5 Nd5 16. Bxe7 Nxe7 17. Qg3 1/2-1/2

[Event "CZECH OPEN 2011 "]
[Site "Pardubice (CZE)"]
[Date "2011.07.26"]
[Round "5.12"]
[White "Semcesen, Daniel"]
[Black "Kravtsiv, Martyn"]
[Result "1-0"]
[WhiteElo "2480"]
[BlackElo "2571"]
[PlyCount "153"]
[EventDate "2011.07.22"]

1. c4 e6 2. Nc3 d5 3. d4 Nf6 4. cxd5 exd5 5. Bg5 c6 6. Qc2 Be7 7. e3 Nbd7 8.
Bd3 O-O 9. Nge2 Re8 10. O-O Nf8 11. f3 c5 12. Rad1 cxd4 13. Nxd4 Nh5 14. Bxe7
Rxe7 15. Qf2 Nf6 16. Bc2 Qb6 17. Rd2 Be6 18. Bb3 Rae8 19. Rfd1 h6 20. h3 N8d7
21. Ba4 Rc8 22. Nxe6 fxe6 23. Bxd7 Rxd7 24. e4 Qxf2+ 25. Kxf2 Rcd8 26. e5 Ne8
27. Nb5 Kf7 28. Rc1 a6 29. Nd4 Rc7 30. Rxc7+ Nxc7 31. Rc2 Ne8 32. h4 Ke7 33. h5
Kd7 34. Ke3 Rb8 35. g4 Nc7 36. a4 Re8 37. f4 Na8 38. b3 Nb6 39. Rg2 Nc8 40. g5
Ne7 41. gxh6 gxh6 42. Rg7 Rg8 43. Rh7 Rg3+ 44. Ke2 Rg2+ 45. Kf3 Rd2 46. Ke3 Rd1
47. f5 exf5 48. Nxf5 Re1+ 49. Kd4 Re4+ 50. Kc5 Rxe5 51. Nxe7 Rxe7 52. Rxh6 Re5
53. Rd6+ Kc7 54. Rxd5 Re3 55. b4 b6+ 56. Kd4 Rh3 57. Rg5 Rh4+ 58. Kd5 Kd7 59.
b5 axb5 60. axb5 Rh1 61. Rg7+ Ke8 62. Ke6 Kf8 63. Rg5 Re1+ 64. Kd7 Re7+ 65. Kc6
Re6+ 66. Kc7 Rh6 67. Rg6 Rxh5 68. Kxb6 Ke7 69. Kc6 Rh2 70. Kb7 Kd7 71. b6 Ra2
72. Rg1 Kd8 73. Rd1+ Ke7 74. Kc7 Rc2+ 75. Kb8 Ra2 76. b7 Ra3 77. Rd4 1-0

[Event "CZECH OPEN 2011 "]
[Site "Pardubice (CZE)"]
[Date "2011.07.26"]
[Round "5.13"]
[White "Grigoriants, Sergey"]
[Black "Kanovsky, David"]
[Result "1/2-1/2"]
[WhiteElo "2566"]
[BlackElo "2478"]
[PlyCount "39"]
[EventDate "2011.07.22"]

1. Nf3 Nf6 2. c4 c5 3. Nc3 g6 4. d4 cxd4 5. Nxd4 Bg7 6. e4 d6 7. Be2 O-O 8. O-O
Nc6 9. Be3 Bd7 10. Rc1 Nxd4 11. Bxd4 Bc6 12. Bd3 a5 13. Kh1 a4 14. Qe2 Qa5 15.
f3 Rfe8 16. Qf2 Nd7 17. Bxg7 Kxg7 18. f4 Qc5 19. Qd2 e6 20. Rcd1 1/2-1/2

[Event "CZECH OPEN 2011 "]
[Site "Pardubice (CZE)"]
[Date "2011.07.26"]
[Round "5.14"]
[White "Arutinian, David"]
[Black "Simacek, Pavel"]
[Result "1-0"]
[WhiteElo "2562"]
[BlackElo "2470"]
[PlyCount "53"]
[EventDate "2011.07.22"]

1. d4 Nf6 2. c4 c5 3. d5 e6 4. Nf3 exd5 5. cxd5 d6 6. h3 g6 7. e4 Bg7 8. Bd3
O-O 9. O-O Re8 10. Re1 c4 11. Bc2 Na6 12. Nc3 Nc5 13. Bf4 b5 14. Nxb5 Nfxe4 15.
Bxe4 Nxe4 16. Qc2 Ba6 17. a4 Bxb5 18. axb5 Nc5 19. Rxe8+ Qxe8 20. Qxc4 Qd7 21.
Re1 Bxb2 22. Nd4 Re8 23. Rxe8+ Qxe8 24. Bxd6 Nb7 25. Bb4 Qe4 26. Qc8+ Kg7 27.
Qf8+ 1-0

[Event "CZECH OPEN 2011 "]
[Site "Pardubice (CZE)"]
[Date "2011.07.26"]
[Round "5.19"]
[White "Batchuluun, Tsegmed"]
[Black "Jojua, Davit"]
[Result "1/2-1/2"]
[WhiteElo "2427"]
[BlackElo "2505"]
[PlyCount "45"]
[EventDate "2011.07.22"]

1. d4 g6 2. c4 Bg7 3. e4 c5 4. d5 d6 5. Bd3 e6 6. Ne2 Ne7 7. Nbc3 O-O 8. O-O
exd5 9. exd5 Nd7 10. Bf4 Ne5 11. b3 a6 12. a4 Rb8 13. Ra2 Bf5 14. Ne4 b5 15.
axb5 axb5 16. N2g3 bxc4 17. bxc4 Bxe4 18. Nxe4 Nf5 19. Ng3 Nd4 20. Ne2 Nf5 21.
Ng3 Nd4 22. Ne2 Nf5 23. Ng3 1/2-1/2

[Event "CZECH OPEN 2011 "]
[Site "Pardubice (CZE)"]
[Date "2011.07.26"]
[Round "5.22"]
[White "Akesson, Ralf"]
[Black "De La Villa Garcia, Jesus Maria"]
[Result "1/2-1/2"]
[WhiteElo "2429"]
[BlackElo "2490"]
[PlyCount "45"]
[EventDate "2011.07.22"]

1. Nf3 d5 2. d4 Nf6 3. c4 e6 4. Nc3 dxc4 5. e4 Bb4 6. Bg5 c5 7. Bxc4 cxd4 8.
Nxd4 Qa5 9. Bxf6 Bxc3+ 10. bxc3 Qxc3+ 11. Kf1 gxf6 12. Rc1 Qa5 13. h4 Ke7 14.
Rh3 Rd8 15. Rd3 Nc6 16. Nxc6+ bxc6 17. Rxd8 Qxd8 18. Qa4 Qd6 19. Qa5 Qe5 20.
Qa3+ Qd6 21. Qa5 Qe5 22. Qa3+ Qd6 23. Qa5 1/2-1/2

[Event "CZECH OPEN 2011 "]
[Site "Pardubice (CZE)"]
[Date "2011.07.26"]
[Round "5.23"]
[White "Arun Prasad, S."]
[Black "Kashlinskaya, Alina"]
[Result "1-0"]
[WhiteElo "2489"]
[BlackElo "2360"]
[PlyCount "55"]
[EventDate "2011.07.22"]

1. d4 Nf6 2. c4 g6 3. Nf3 Bg7 4. g3 c5 5. d5 b5 6. cxb5 a6 7. bxa6 d6 8. Nc3
O-O 9. Bg2 Nbd7 10. O-O Nb6 11. Nd2 Bxa6 12. Qc2 Bb7 13. e4 Ba6 14. Rd1 Nfd7
15. Nf3 Nc4 16. Bf1 Qa5 17. Bxc4 Bxc4 18. Bd2 Qa6 19. Bg5 f5 20. Rd2 h6 21. Be3
fxe4 22. Qxe4 Rxf3 23. Qe6+ Rf7 24. Qxd7 Bd3 25. Qh3 Qc4 26. Rc1 Bxc3 27. Rxc3
Rxa2 28. Rd1 1-0

[Event "CZECH OPEN 2011 "]
[Site "Pardubice (CZE)"]
[Date "2011.07.26"]
[Round "5.24"]
[White "Saric, Ante"]
[Black "Dmitrenko, Viktor"]
[Result "1-0"]
[WhiteElo "2483"]
[BlackElo "2353"]
[PlyCount "85"]
[EventDate "2011.07.22"]

1. d4 d5 2. Nf3 Nf6 3. c4 c6 4. e3 e6 5. b3 Nbd7 6. Bb2 Bb4+ 7. Nbd2 Ne4 8. a3
Ba5 9. b4 Nxd2 10. Qxd2 Bc7 11. Bd3 dxc4 12. Bxc4 O-O 13. O-O e5 14. Qc2 Qe7
15. Bd3 h6 16. b5 c5 17. Rac1 exd4 18. exd4 Bf4 19. Rce1 Qd6 20. g3 Bg5 21.
Nxg5 hxg5 22. Qd2 c4 23. Be4 Nf6 24. Bg2 Bf5 25. Re5 Bd3 26. Rfe1 g4 27. Bxb7
Rad8 28. Bc3 Qb6 29. Bc6 Rxd4 30. Bxd4 Qxd4 31. Qe3 Qb2 32. Qxa7 c3 33. Qd4 Qd2
34. Qe3 Rd8 35. b6 Qb2 36. b7 c2 37. a4 Ba6 38. Qc1 Qc3 39. Bg2 Kh7 40. R5e3
Qc5 41. Rb3 Rb8 42. Qb2 Rd8 43. Rc3 1-0

[Event "CZECH OPEN 2011 "]
[Site "Pardubice (CZE)"]
[Date "2011.07.26"]
[Round "5.35"]
[White "Yakunin, Alexey"]
[Black "Michiels, Bart"]
[Result "0-1"]
[WhiteElo "2360"]
[BlackElo "2489"]
[PlyCount "128"]
[EventDate "2011.07.22"]

1. e4 c6 2. d4 d5 3. Nc3 dxe4 4. Nxe4 Bf5 5. Ng3 Bg6 6. h4 h6 7. Nf3 Nd7 8. h5
Bh7 9. Bd3 Bxd3 10. Qxd3 e6 11. Bd2 Ngf6 12. O-O-O Be7 13. Qe2 Qc7 14. Ne5 Nxe5
15. dxe5 Nd7 16. f4 O-O-O 17. Kb1 Nc5 18. Be3 Rxd1+ 19. Rxd1 Rd8 20. c4 Qa5 21.
Rxd8+ Qxd8 22. a3 a5 23. Kc2 Qb6 24. Bxc5 Qxc5 25. Ne4 Qd4 26. g3 f6 27. exf6
gxf6 28. Nd2 Kd7 29. Nf3 Qc5 30. Kb1 a4 31. g4 b5 32. cxb5 Qxb5 33. Qe3 Qf1+
34. Ka2 Qc4+ 35. Ka1 Qf1+ 36. Ka2 Qc4+ 37. Ka1 Bc5 38. Qd2+ Ke7 39. Ne1 Qf1 40.
Ka2 Qc4+ 41. Kb1 Qe4+ 42. Nd3 Be3 43. Qe2 c5 44. Ka2 Qc4+ 45. Ka1 Bd4 46. Kb1
Qb3 47. f5 e5 48. Nc1 Qb7 49. Nd3 e4 50. Nf2 e3 51. Nd3 Qe4 52. Ka2 Kd6 53. Nc1
Qb7 54. b3 Qd5 55. Qa6+ Ke5 56. Kb1 axb3 57. Nd3+ Ke4 58. Ne1 Kf4 59. Qf1+ Kxg4
60. Qg1+ Kxf5 61. Qg6+ Ke5 62. Qe8+ Kf4 63. Nd3+ Kf3 64. Qc8 Qe4 0-1

[Event "CZECH OPEN 2011 "]
[Site "Pardubice (CZE)"]
[Date "2011.07.26"]
[Round "5.68"]
[White "Lorscheid, Gerhard"]
[Black "Seger, Ruediger"]
[Result "1/2-1/2"]
[WhiteElo "2265"]
[BlackElo "2390"]
[PlyCount "23"]
[EventDate "2011.07.22"]

1. d4 Nf6 2. c4 g6 3. Nc3 d5 4. Bg5 Ne4 5. Bh4 c5 6. cxd5 Nxc3 7. bxc3 Qxd5 8.
e3 cxd4 9. Qxd4 Qxd4 10. cxd4 e6 11. Bd3 Be7 12. Bxe7 1/2-1/2

[Event "CZECH OPEN 2011 "]
[Site "Pardubice (CZE)"]
[Date "2011.07.26"]
[Round "5.82"]
[White "Kachar, Vladimir"]
[Black "Raum, Sebastian"]
[Result "1/2-1/2"]
[WhiteElo "2328"]
[BlackElo "2112"]
[PlyCount "93"]
[EventDate "2011.07.22"]

1. d4 Nf6 2. c4 g6 3. Nf3 Bg7 4. g3 d5 5. cxd5 Nxd5 6. Bg2 Nb6 7. Nc3 Nc6 8. e3
O-O 9. O-O Re8 10. Re1 a5 11. Qd2 Be6 12. Rd1 Bc4 13. Qc2 Nb4 14. Qb1 a4 15. a3
N4d5 16. Nd2 Nxc3 17. bxc3 Be2 18. Re1 Ba6 19. Qc2 e5 20. Bb2 Qe7 21. Rac1 Rad8
22. Ne4 Nc4 23. Nc5 exd4 24. cxd4 Nxb2 25. Nxa6 bxa6 26. Qxb2 c5 27. Red1 cxd4
28. exd4 Qe2 29. Qxe2 Rxe2 30. Rc4 Rde8 31. Bf3 Re1+ 32. Rxe1 Rxe1+ 33. Kg2 Ra1
34. Rxa4 Bf8 35. Rxa6 Rxa3 36. Rc6 Ra7 37. Rc8 Rd7 38. d5 Kg7 39. Be4 Be7 40.
f4 h5 41. Rc6 Bd6 42. f5 Kf6 43. fxg6 fxg6 44. Ra6 g5 45. Bd3 Ke5 46. Bb5 Rb7
47. Be2 1/2-1/2

[Event "CZECH OPEN 2011 "]
[Site "Pardubice (CZE)"]
[Date "2011.07.26"]
[Round "5.97"]
[White "Aliakbarov, Anar Samir Oglu"]
[Black "Chetverik, Maxim"]
[Result "1-0"]
[WhiteElo "2182"]
[BlackElo "2296"]
[PlyCount "69"]
[EventDate "2011.07.22"]

1. d4 b5 2. e4 a6 3. Bd3 Bb7 4. Nf3 Nf6 5. Qe2 e6 6. O-O c5 7. c3 Nc6 8. Bg5 h6
9. Bf4 cxd4 10. Nxd4 Be7 11. Nd2 d6 12. Nxc6 Bxc6 13. a4 bxa4 14. Bc2 e5 15.
Be3 O-O 16. Bxa4 Bb7 17. Bc2 d5 18. Rfd1 Qc8 19. exd5 Bxd5 20. f3 Qb7 21. b3
Rfe8 22. Bf2 Qc7 23. c4 Bb7 24. Ne4 Nh5 25. g3 f5 26. Nc3 g6 27. Nd5 Bxd5 28.
Rxd5 Bb4 29. c5 Qf7 30. Rd6 e4 31. fxe4 fxe4 32. Be3 Ng7 33. g4 Kh7 34. Rf1 Qb7
35. Rb6 1-0

[Event "CZECH OPEN 2011 "]
[Site "Pardubice (CZE)"]
[Date "2011.07.26"]
[Round "5.81"]
[White "Klek, Hanna-Marie"]
[Black "Cerveny, Martin"]
[Result "1-0"]
[WhiteElo "2134"]
[BlackElo "2347"]
[PlyCount "83"]
[EventDate "2011.07.22"]

1. e4 c5 2. Nf3 d6 3. d4 cxd4 4. Nxd4 Nf6 5. Nc3 a6 6. Bg5 e6 7. f4 Qc7 8. Bxf6
gxf6 9. Qf3 b5 10. a3 Nc6 11. Nxc6 Qxc6 12. f5 Qc5 13. Be2 Qe5 14. O-O Be7 15.
Qh5 Qc5+ 16. Kh1 e5 17. Rf3 Bb7 18. Rg3 b4 19. axb4 Qxb4 20. b3 Rc8 21. Bc4
Rxc4 22. bxc4 Qxc4 23. Qd1 h5 24. Ra4 Qc5 25. Qb1 h4 26. Rf3 Bc6 27. Rxa6 Bd8
28. h3 Rg8 29. Qd1 Rg3 30. Na4 Qb5 31. Qd3 Qb1+ 32. Kh2 Rxf3 33. Qxf3 Qb7 34.
Rxc6 Qxc6 35. Nc3 Ba5 36. Nd5 Be1 37. Nxf6+ Kd8 38. Qb3 Bg3+ 39. Kh1 Qa6 40.
Qb8+ Ke7 41. Nd5+ Kd7 42. Qc7+ 1-0

[Event "CZECH OPEN 2011 "]
[Site "Pardubice (CZE)"]
[Date "2011.07.26"]
[Round "5.17"]
[White "Szablowski, Pawel"]
[Black "Stupak, Kirill"]
[Result "0-1"]
[WhiteElo "2433"]
[BlackElo "2530"]
[PlyCount "74"]
[EventDate "2011.07.22"]

1. e4 e6 2. d4 d5 3. Nd2 Be7 4. e5 c5 5. Qg4 Bf8 6. dxc5 Nh6 7. Qf4 Bxc5 8. Nb3
Be7 9. Bd3 f6 10. Qg3 Nf7 11. Qxg7 fxe5 12. Bxh7 Bf6 13. Qg4 Nc6 14. Bg6 e4 15.
Ne2 Nce5 16. Bxf7+ Kxf7 17. Qf4 Nc4 18. h3 e5 19. Qg3 Be6 20. O-O Qb6 21. Qh2
Bg4 22. Ng3 Rag8 23. Nd2 Nd6 24. Kh1 Be6 25. c4 dxc4 26. Ndxe4 Nxe4 27. Nxe4
Bxh3 28. gxh3 Qe6 29. Bg5 Rxh3 30. Bxf6 Rxh2+ 31. Kxh2 Qg4 32. Ng3 Kxf6 33. Kg2
Rh8 34. Rfe1 Qh3+ 35. Kg1 Ke6 36. Rad1 Qh2+ 37. Kf1 Rf8 0-1

[Event "CZECH OPEN 2011 "]
[Site "Pardubice (CZE)"]
[Date "2011.07.26"]
[Round "5.26"]
[White "Romanko, Marina"]
[Black "Schlosser, Philipp"]
[Result "1/2-1/2"]
[WhiteElo "2402"]
[BlackElo "2599"]
[PlyCount "31"]
[EventDate "2011.07.22"]

1. d4 d6 2. c4 e5 3. Nf3 e4 4. Ng5 f5 5. Nc3 c6 6. Qb3 Be7 7. Nh3 Nf6 8. Bg5
O-O 9. e3 Na6 10. Be2 Bd7 11. O-O h6 12. Bxf6 Bxf6 13. Nf4 g5 14. Nh5 Bh8 15.
d5 c5 16. Qc2 1/2-1/2

[Event "CZECH OPEN 2011 "]
[Site "Pardubice (CZE)"]
[Date "2011.07.26"]
[Round "5.28"]
[White "Lintchevski, Daniil"]
[Black "Kulhanek, Tomas"]
[Result "1-0"]
[WhiteElo "2553"]
[BlackElo "2375"]
[PlyCount "67"]
[EventDate "2011.07.22"]

1. e4 c5 2. Nf3 g6 3. c3 Bg7 4. d4 cxd4 5. cxd4 d5 6. e5 Nc6 7. Bb5 Bg4 8.
Bxc6+ bxc6 9. Nbd2 Nh6 10. O-O O-O 11. h3 Bxf3 12. Nxf3 f6 13. e6 Nf5 14. Bf4
Qb6 15. Rc1 Bh6 16. Bxh6 Nxh6 17. g4 Qxb2 18. Qd2 Qxd2 19. Nxd2 g5 20. f4 gxf4
21. Rxc6 Kg7 22. Rc7 Ng8 23. Nb3 f5 24. Rxf4 fxg4 25. Rxg4+ Kh6 26. Nc5 Rab8
27. Rxa7 Rb1+ 28. Kh2 Rff1 29. Nd7 Kh5 30. Ra5 Rh1+ 31. Kg3 Rbg1+ 32. Kf4 Rf1+
33. Kg3 Rfg1+ 34. Kf4 1-0

[Event "CZECH OPEN 2011 "]
[Site "Pardubice (CZE)"]
[Date "2011.07.26"]
[Round "5.36"]
[White "Vila Gazquez, Xavier"]
[Black "Graf, Felix"]
[Result "1-0"]
[WhiteElo "2487"]
[BlackElo "2352"]
[PlyCount "60"]
[EventDate "2011.07.22"]

1. c4 Nf6 2. Nc3 c6 3. e4 e5 4. f4 d5 5. fxe5 Nxe4 6. Nf3 Bg4 7. cxd5 Nxc3 8.
bxc3 Qxd5 9. d4 c5 10. h3 Bxf3 11. Qxf3 Qxf3 12. gxf3 cxd4 13. cxd4 Bb4+ 14.
Bd2 Bxd2+ 15. Kxd2 Nc6 16. Bb5 O-O-O 17. Bxc6 bxc6 18. Ke3 Rd5 19. Rhc1 Kc7 20.
Rc4 Rb8 21. Rac1 Rb6 22. Ra4 Kb7 23. Rc2 Rdb5 24. Rg2 g6 25. Rg4 Ra6 26. Rxa6
Kxa6 27. Rh4 h5 28. Rf4 Rb7 29. Rf6 Kb5 30. f4 a5 1-0

[Event "CZECH OPEN 2011 "]
[Site "Pardubice (CZE)"]
[Date "2011.07.26"]
[Round "5.69"]
[White "Severiukhina, Zoja"]
[Black "Ponizil, Cyril"]
[Result "1-0"]
[WhiteElo "2270"]
[BlackElo "2388"]
[PlyCount "109"]
[EventDate "2011.07.22"]

1. e4 c5 2. Nf3 e6 3. d4 cxd4 4. Nxd4 a6 5. Bd3 Bc5 6. Nb3 Be7 7. Be3 d6 8. f4
Nf6 9. N1d2 Nc6 10. Qe2 Qc7 11. O-O-O Nb4 12. Kb1 Bd7 13. g4 Bc6 14. g5 Nd7 15.
h4 a5 16. Nd4 a4 17. h5 a3 18. b3 Nc5 19. g6 Bf6 20. Nxc6 Nbxd3 21. cxd3 Qxc6
22. Rc1 Bb2 23. Rc2 hxg6 24. b4 b6 25. bxc5 bxc5 26. Nc4 Bf6 27. Qg2 Kd7 28. e5
dxe5 29. Qxc6+ Kxc6 30. Nxe5+ Bxe5 31. Rxc5+ Kd7 32. Rxe5 Rab8+ 33. Ka1 Rb2 34.
Ra5 gxh5 35. Ra7+ Kd6 36. Bc1 Rc2 37. Bxa3+ Kd5 38. Rd7+ Kc6 39. Rxf7 h4 40.
Rf8 Rxf8 41. Bxf8 Rf2 42. Rxh4 g5 43. fxg5 Rxf8 44. Rg4 Rg8 45. g6 Rg7 46. a4
Kd5 47. Ka2 Ke5 48. Ka3 Kf5 49. Rg1 e5 50. a5 e4 51. dxe4+ Kxe4 52. Kb4 Kd5 53.
Kb5 Kd6 54. Kb6 Kd7 55. a6 1-0